000 00341nam a2200145Ia 4500
008 230917s9999||||xx |||||||||||||| ||und||
040 _e54764
_aMAIN
041 _aEnglish
082 _a863.42 F952T
100 _aFuentes, Carles
245 0 _aTerra Nostra
260 _aMiddlesex
_bPenguin Books
_c1976
300 _a890 p.
942 _cBK
999 _c197388
_d197388